Stručný přehled oftalmologie

Saved in:
Bibliographic Details
Main Author Attzsová, Michelle
Other Authors Twishaa Shethová
Format Electronic eBook
LanguageCzech
Published Grada 2026
Edition1. elektronické vydání
Subjects
Online AccessDostupné v BOOKPORT po přihlášení pomocí eduID
ISBN978-80-271-8462-0
978-80-271-5576-7
Physical Description1 online zdroj (280 stran)

Cover

LEADER 00000nam a2200000 i 4500
001 bkp14692
003 CZ-prgp
005 20260522152936.0
006 m o d
007 cr cn
008 260522s2026 xr o 000 0 cze
020 |a 978-80-271-8462-0  |c 586 Kč  |q (online ; pdf) 
020 |a 978-80-271-5576-7  |c 690 Kč  |q (print) 
040 |a Grada  |b cze  |e rda 
100 1 |a Attzsová, Michelle 
245 1 0 |a Stručný přehled oftalmologie  |c Michelle Attzsová, Twishaa Shethová 
250 |a 1. elektronické vydání 
264 1 |b Grada  |c 2026 
300 |a 1 online zdroj (280 stran) 
336 |a text  |b txt  |2 rdacontent 
337 |a počítač  |b c  |2 rdamedia 
338 |a online zdroj  |b cr  |2 rdacarrier 
520 3 |a Oční urgentní stavy se mohou objevit v ordinaci praktika, na pohotovosti či v ambulanci. Stručný přehled poskytne rychlou orientaci, jak provést úvodní vyšetření, co zvládnete sami, kdy a s jakou naléhavostí pacienta odeslat k oftalmologovi. Uvádí přehled pojmů, třídění příznaků, postupy i varovné signály, na které je třeba dávat pozor. 
650 0 4 |a Diferenciální diagnostika, symptomy 
650 0 4 |a Oftalmologie, ORL 
650 0 4 |a Ostatní lékařské obory 
650 0 4 |a Pediatrie 
700 1 |a Twishaa Shethová 
856 4 0 |u https://www.bookport.cz/AccountSaml/SignIn/?idp=https://shibboleth.utb.cz/idp/shibboleth&returnUrl=/kniha/strucny-prehled-oftalmologie-16115/  |y Dostupné v BOOKPORT po přihlášení pomocí eduID